| 000 | 00000nas##2200000za#4500 |
| 001 | 9.513150 |
| 003 | CaOODSP |
| 005 | 20210615082743 |
| 007 | ta |
| 008 | 150406c1995||||xxc|| m #||||f| |0fre|d |
| 040 | |aCaOODSP|bfre |
| 043 | |an-cn--- |
| 086 | 1 |aMP32-29F |
| 110 | 1 |aCanada.|bDéveloppement des ressources humaines Canada. |bDirection générale de la recherche appliquée. |
| 245 | 10|aDocument de recherche |
| 246 | 3 |aDocument de recherche (Canada. Développement des ressources humaines Canada. Direction générale de la recherche appliquée) |
| 260 | |aOttawa - Ontario : |bDéveloppement des ressources humaines Canada. |
| 563 | |aCouverture souple |
| 691 | 07|aMarché du travail|2gcpds |
| 691 | 07|aPolitique gouvernementale|2gcpds |
| 691 | 07|aRecherche|2gcpds |
| 775 | 08|tResearch paper |w(CaOODSP)9.514796 |
| 776 | 0#|tDocument de recherche (Canada. Développement des ressources humaines Canada. Direction générale de la recherche appliquée)|w(CaOODSP)9.500897 |